000 00317nam a2200133 i 4500
001 bg
100 1 _aRZADKOWSKI, R.
245 0 _aDrgania uĊ‚opatkowanej tarczy.
_nCz.2 /
_cR. Rzadkowski.
260 _aWarszawa,
_c1984.
040 _cBPK
041 _apol
942 _cKS
008 s pl f |000 0 pol
999 _c27987
_d27987
856 _uhttp://koha.tu.koszalin.pl/cgi-bin/koha/opac-detail.pl?biblionumber=27987
_yKatalog online BPK